Statistics for Word Puzzles - World Cities #2

Click here to take the quiz!

General Stats

  • This quiz has been taken 13,475 times
  • The average score is 10 of 20

Answer Stats

Word Puzzle Solution World City % Correct
Internal Organ + Place for SwimmingLiver + PoolLiverpool
89%
Singer Sheeran + Jamaican for 'Man' + 2,000 lbsEd + Mon + TonEdmonton
73%
To Be Victorious + Puppy's Bite + Square ___ in a Round HoleWin + Nip + PegWinnipeg
70%
The End is ... + Judge's Garment + Fifth LetterNigh + Robe + ENairobi
66%
Kitchen Leader + Where Crops GrowChef + FieldSheffield
63%
Superman or Hercules + Feminine Pronoun + Pa's WifeHero + She + MaHiroshima
63%
What Opens a Lock + To Be in Someone's Debt + Foot DigitKey + Owe + ToeKyoto
63%
Homer's Catchphrase + Opposite of UnderD'oh + OverDover
61%
Place for Seeing Animals + Astley or RiordanZoo + RickZurich
58%
'Ham' to a Cockney + Martini Mixing Option + Hoover or Three Gorges'am + Stir + DamAmsterdam
57%
Voyage + Oprah's Magazine + Martial Artist BruceTrip + O + LeeTripoli
52%
Use a Keyboard + Fonz's CatchphraseType + AyyTaipei
52%
To Break into a Safe + Hey That Hurts!Crack + OwKrakow
43%
What Big Ben Is + Report Card ComponentBell + GradeBelgrade
37%
Sound Made by a Cold Person + Asian-American BasketballerBrr + LinBerlin
36%
Gore or Capone + Opposite of CheersAl + JeersAlgiers
28%
Bengal or Fundy + Plant PartBay + RootBeirut
28%
Obama's Dog + Chinese Chess? + British for "Thanks"Bo + Go + TaBogota
21%
Longshoreman's Job Site + Pirate's Favorite LetterDock + RDakar
16%
Saw Mill Product + French for WaterBoard + EauBordeaux
14%

Score Distribution

Percentile by Number Answered

Percent of People with Each Score

Your Score History

You have not taken this quiz